Inside organizational communication / (Record no. 563198)

000 -LEADER
fixed length control field 00473nam a2200145Ia 4500
008 - FIXED-LENGTH DATA ELEMENTS--GENERAL INFORMATION
fixed length control field 210430s9999 xx 000 0 und d
020 ## - INTERNATIONAL STANDARD BOOK NUMBER
International Standard Book Number 0582285402 (hardcover) | 97805
082 ## - DEWEY DECIMAL CLASSIFICATION NUMBER
Classification number 658 I5911 I
100 ## - MAIN ENTRY--PERSONAL NAME
Personal name Reuss, Carol.
245 ## - TITLE STATEMENT
Title Inside organizational communication /
Statement of responsibility, etc. Reuss, Carol.
260 ## - PUBLICATION, DISTRIBUTION, ETC.
Place of publication, distribution, etc. [S.l.] :
Name of publisher, distributor, etc. Longman Group United Kingdom,
Date of publication, distribution, etc. 1984
300 ## - PHYSICAL DESCRIPTION
Extent 368 p. ;
856 ## - ELECTRONIC LOCATION AND ACCESS
Uniform Resource Identifier <a href="http://www.amazon.com/exec/obidos/ASIN/0582285402/chopaconline-20">http://www.amazon.com/exec/obidos/ASIN/0582285402/chopaconline-20</a>
942 ## - ADDED ENTRY ELEMENTS (KOHA)
Source of classification or shelving scheme
Holdings
Withdrawn status Lost status Damaged status Not for loan Collection code Permanent Location Current Location Shelving location Date acquired Total Checkouts Full call number Barcode Date last seen Price effective from Koha item type
          School of Chemical & Materials Engineering (SCME) School of Chemical & Materials Engineering (SCME) General Stacks 03/12/2   658 I5911 I SCME-2107 04/30/2021 04/30/2021 Book
© 2023 Central Library, National University of Sciences and Technology. All Rights Reserved.